| 000 | 00557cam a2200193 a 4500 | ||
|---|---|---|---|
| 020 | _a1570030715 | ||
| 040 | _cDLC | ||
| 082 | 0 | 0 | _a917 USC 1996 C152 Or. |
| 100 | 1 | _aGutek, Gerald Lee. | |
| 245 | 1 | 0 | _aPlantations and outdoor museums in America's historic South / |
| 260 |
_aColumbia : _bUniversity of South Carolina Press, _cc1996. |
||
| 300 |
_avii, 423 p. : _bill., maps ; _c23 cm. |
||
| 500 | _aIncludes index. | ||
| 650 | 0 | _aPlantations | |
| 650 | 0 | _aOpen-air museums | |
| 650 | 0 | _aHistoric sites | |
| 700 | 1 | _aGutek, Patricia, | |
| 942 | _cAEDBB | ||
| 999 |
_c18805 _d18805 |
||